000 01246nam a22003737a 4500
001 0023448
003 KOHA_MİRAKIL
005 20260207002411.0
007 ta
008 101027b1995 tu |||gr||||#0|||0|tur |
020 _a9757369071
040 _aTR-BiSEU
_btur
_cTR-BiSEU
_erda
041 0 _atur
044 _ctu
050 _aDR590
_b.K37 1995
100 1 _aKarabekir, Kazım.
245 1 _aAnkara'da savaş rüzgarları :
_bII. Cihan harbi CHP Grup tartışmaları/
_cKazım Karabekir ; Kazım Karabekir ; yayına hazırlayan Faruk Özergin.
250 _a5. bsk.
264 1 _aİstanbul :
_bEmre Yayınları
_c1995
300 _a447 sayfa; 21 cm.
336 _ametin
_btxt
_2rdacontent
337 _aaracısız
_bn
_2rdamedia
338 _acilt
_bnc
_2rdacarrier
490 1 _aEmre yayınları ;
_v30.
490 1 _aYakın tarih serisi ;
_v18
650 0 _aWorld war, 1919-1945--Turkey.
_948354
650 0 _aDünya Savaşı, 1919-1945--Türkiye.
_948355
650 0 _aTurkey--Politics and government 1918-1960.
_910671
650 0 _aTürkiye--Politika ve yönetim 1918-1960.
_948356
830 1 _aEmre yayınları ;
_v30.
_913605
830 1 _aYakın tarih serisi ;
_v18
_916379
907 _aTarih
942 _2lcc
_cBK
999 _c23403
_d23403